Topics in polynomial and rational interpolation and approximation /

Guardado en:
Autor Principal: Varga, Richard S.
Formato: Libro
Idioma:English
Publicado: Montréal, Québec, Canada : Presses de l'Université de Montréal, 1982.
Series:Séminaire de mathématiques supérieures ; 81
Materias:
Etiquetas: Agregar Etiqueta
Sin Etiquetas, Sea el primero en etiquetar este registro!
LEADER 01286nam a2200265 a 4500
001 MAT.inmabb006133
008 830928s1982####quca#####b####000#0#eng##
005 20130206150051.0
245 1 0 |a Topics in polynomial and rational interpolation and approximation /  |c Richard S. Varga. 
260 |a Montréal, Québec, Canada :  |b Presses de l'Université de Montréal,  |c 1982. 
300 |a 136 p. :  |b il. ;  |c 28 cm. 
440 0 |a Séminaire de mathématiques supérieures ;  |v 81 
500 |a Cabecera de portada: Séminaire de mathématiques supérieures, Séminaire scientifique OTAN (NATO Advanced Study Institute), Département de mathématiques et de statistique--Université de Montréal. 
500 |a "Notes du cours de Monsieur Richard S. Varga, à la vingtième session du Séminaire de mathématiques supérieures/Séminaire scientifique OTAN (ASI 81/62), tenue ... du 3 au 21 août 1981"--P. facing t.p. 
504 |a Incluye referencias bibliográficas. 
510 4 |a MR,  |c 83h:30041 
020 |a 2760605736 
100 1 |a Varga, Richard S. 
650 0 |a Interpolation. 
650 0 |a Approximation theory. 
650 0 |a Polynomials. 
084 |a 30E05 (30E10 41-02 65D05 65E05)  |2 msc2000 
010 |a  82206225  
040 |a DLC  |c DLC  |d DLC 
859 |h 30  |i V297  |p A-5530  |b BIB. MATEMATICA